Cost Accounting : (Record no. 185939)
[ view plain ]
| 000 -LEADER | |
|---|---|
| fixed length control field | 00883 a2200217 4500 |
| 003 - CONTROL NUMBER IDENTIFIER | |
| control field | Nust |
| 005 - DATE AND TIME OF LATEST TRANSACTION | |
| control field | 20230321123951.0 |
| 010 ## - LIBRARY OF CONGRESS CONTROL NUMBER | |
| LC control number | 56007412 |
| 020 ## - INTERNATIONAL STANDARD BOOK NUMBER | |
| International Standard Book Number | 0538017503 |
| 035 ## - SYSTEM CONTROL NUMBER | |
| System control number | (OCoLC)745194 |
| 040 ## - CATALOGING SOURCE | |
| Transcribing agency | Nust |
| 082 ## - DEWEY DECIMAL CLASSIFICATION NUMBER | |
| Classification number | 657.42,MAT |
| 100 1# - MAIN ENTRY--PERSONAL NAME | |
| Personal name | Matz, Adolph, |
| 9 (RLIN) | 44624 |
| 245 00 - TITLE STATEMENT | |
| Title | Cost Accounting : |
| Remainder of title | Planning and Control / |
| Statement of responsibility, etc. | Adolph Matz, Othel J. Curry [and] George W. Frank. |
| 250 ## - EDITION STATEMENT | |
| Edition statement | 5th ed. |
| 260 ## - PUBLICATION, DISTRIBUTION, ETC. | |
| Place of publication, distribution, etc. | Cincinnati, |
| Name of publisher, distributor, etc. | South-Western Pub. Co. |
| Date of publication, distribution, etc. | [1957] |
| 300 ## - PHYSICAL DESCRIPTION | |
| Extent | 838 p. |
| Other physical details | illus. |
| Dimensions | 24 cm. |
| 505 ## - FORMATTED CONTENTS NOTE | |
| Formatted contents note | Cost Accounting Concepts and Objectives (Page-1), Cost Information Systems and Accumulation Procedures(Page-58), Planning and Control of Factory Overhead (Page-183), Materials and Labor Planning and Control (Page-285), Planning of Profits Cost and Sales (Page-405), Cost and Profit Analysis (Page-611). |
| 650 #0 - SUBJECT ADDED ENTRY--TOPICAL TERM | |
| Topical term or geographic name entry element | Cost accounting. |
| 942 ## - ADDED ENTRY ELEMENTS (KOHA) | |
| Source of classification or shelving scheme | |
| Koha item type | Book |
| Withdrawn status | Lost status | Source of classification or shelving scheme | Damaged status | Not for loan | Permanent Location | Current Location | Shelving location | Date acquired | Full call number | Barcode | Date last seen | Price effective from | Koha item type | Public note |
|---|---|---|---|---|---|---|---|---|---|---|---|---|---|---|
| Military College of Signals (MCS) | Military College of Signals (MCS) | General Stacks | 12/12/2016 | 657.42,MAT | MCS93 | 12/08/2016 | 12/12/2016 | Book | Almirah No.75, Shelf No.1 |
